000 00956cab a2200277 4500
001 ABS59972
008 090401t1999 xxu||||| |||| 00| 0 eng d
035 _a(Sirsi) u90678
041 _aeng
100 _aBarnes, Y.
245 _a2001: a living-space oddity
260 _c1999
350 _a0
490 _aProperty Forecast
_v2(1) January 1999, 2-7(3)
520 _aIn 1995, government figures forecast an increase in the number of households of 4.4m by 2016, however housing stock numbers are not increasing fast enough to keep pace with this forecast. Examines the implications of this for the housing market to the year 2001.
650 _aAFFORDABILITY
650 _aFORECASTS
650 _aFPD SAVILLS
650 _aHOUSEHOLD PROJECTIONS
650 _aHOUSING MARKET
650 _aNEW HOMES
690 _aPROPERTY-RESIDENTIAL PROPERTY-RESIDENTIAL PROPERTY MARKET
700 _aDonnell, R.
942 _n0
948 _c13/01/1999
999 _c57496
_d57496